Trabajo y convivencia. Un ensayo de ética profesional

Zapisane w:
Opis bibliograficzny
1. autor: Molina Jiménez, Carlos
Format: Książka
Język:Undetermined
Wydane: Heredia, Costa Rica EFUNA 1997
Hasła przedmiotowe:
Etykiety: Dodaj etykietę
Nie ma etykietki, Dołącz pierwszą etykiete!

MARC

LEADER 00000nam a2200000Ia 4500
008 170316s9999 xx 000 0 und d
090 |a 100 M-52t 
100 |a Molina Jiménez, Carlos 
245 |a Trabajo y convivencia. Un ensayo de ética profesional 
260 |a Heredia, Costa Rica 
260 |b EFUNA 
260 |c 1997 
300 |a 145 páginas 
650 |a FILOSOFÍA 
999 |c 17037  |d 17037 
040 |a cru BVZT 
942 |c 15 D  |h 100 M-52t  |2 z